| 000 | 00906nam1a22002051i 4500 | ||
|---|---|---|---|
| 001 | v19\rc\1949693 | ||
| 005 | 20260406163709.0 | ||
| 035 | _a(NLR Aleph) 005034752 | ||
| 090 |
_a6729093 _c6729093 |
||
| 100 | _a20080428d1913 |||y0rusy50 ca | ||
| 101 | 0 | _arus | |
| 102 | _aRU | ||
| 105 | _ay z ||||| | ||
| 200 | 1 | _aОтчет Церковного попечительства о бедных прихожанах Армяно-Григорианской во имя св. Богородицы церкви в г. Кишиневе... | |
| 210 |
_aКишинев _d1913 |
||
| 710 | 0 | 2 |
_aКишиневское Армяно-Григорианское во имя св. Богородицы церковное попечительство о бедных прихожанах _3RU\NLR\AUTH\889935097 _9365157 |
| 801 | 0 |
_aRU _bNLR _gpsbo |
|
| 801 | 1 |
_aRU _bProSoft-M _2rusmarc |
|
| 852 |
_aNLR _j18.301.7.104 |
||
| 942 | _cBOOK | ||